000 00621nam a2200193 i 4500
001 29643
003 ES-MaACL
005 20230906154052.0
007 t|
008 030122s1943 sp ||||1| spa d
100 1 _aBallesteros Gaibrois, Manuel,
_d1911-2002
_925056
245 1 0 _aCristóbal Colón /
_cManuel Ballesteros Gaibrois.
260 _aMadrid :
_bEditora Nacional,
_c1943 (
_fGráficas Uguina)
300 _a202 p. ;
_c17 cm.
490 1 _aBreviarios del pensamiento español
830 0 _aBreviarios del pensamiento español
_9180739
852 _aES-MaACL
_jB-10175
_bR.20584
999 _c29643
_d29643